French Revolution - Statistics

General Stats
  • This quiz has been taken 59 times
    51 since last reset
  • The average score is 9 of 15
Answer Stats
Hint Answer % Correct
Fairly simple man and weak acting who was King during the French Revolution. He will get executed during the French Revolution. Louis XVI
97%
French general, who leads France in the last years of the Revolution. He first led the "Directory", then he became one of the consuls of France, and then the Emperor of France. Napoleon Bonaparte
91%
French lawyer that became a key figure of the committee of public safety, which executed people. He will be executed during the French Revolution. Maximilian Robespierre
89%
A beheading device that provided an efficient and painless means of execution. guillotine
86%
Name of the first estate clergy
80%
French Politician during the French Revolution, who made huge impacts in the Revolution. Publishes newspapers that lists enemies to the state. He gets murdered in a bathtub. Jean Paul Marat
66%
Island where Napoleon stayed on, during his first time in exile. Elba Island
63%
Island where Napoleon stayed on, during his second time in exile. St Helena Island
63%
The oath where everyone in the Third House vowed to not depart the tennis court until they drafted new Constitution. This starts the National Assembly. Tennis Court Oath
60%
Number of years that Napoleon ruled for. 16
57%
1793-1794 The Reign of Terror
51%
name of the third estate peasant
43%
On 1815, Countries re-drew their national boundaries and restored the Balance of Power after this meeting. Congress of Vienna
29%
Name of the second estate aristocracy
14%
1789 Beginning of French Revolution
9%
No matching quizzes found
Score Distribution
Percent of People with Each Score
Percentile by Number Answered
Your Score History
You have not taken this quiz since the last reset